000 00899caa a22002177a 4500
999 _c458308
_d458308
001 5147806
003 UA-OsUOA
005 20200225105858.0
008 200225b un ||||| |||| 00| 0 ukr d
040 _aUA-OsUOA
_bukr
_cUA-OsUOA
_dUA-OsUOA
041 _aukr
080 _a908
090 _a908
100 _aГодованюк О. М.
245 _aВплив готики на муроване монументальне будівництво Волині кінця ХІІІ–XVІ ст.
_cО. М. Годованюк
300 _aС. 9–22
650 _2UDC
773 0 _0408986
_9420917
_dРівне ПП ДМ 2008
_o161064
_tАрхітектурна спадщина Волині
_w(UA-OsUOA) 135827
_z978-966-8424-91-5
942 _2udc
_cBKA